Primera Antología : de sus versos

Salvato in:
Dettagli Bibliografici
Autore principale: Diego, Gerardo
Natura: Libro
Lingua:Undetermined
Pubblicazione: Buenos Aires, Argentina Espasa Calpe 1941
Soggetti:
Tags: Aggiungi Tag
Nessun Tag, puoi essere il primo ad aggiungerne!!

MARC

LEADER 00000nam a2200000Ia 4500
008 170316s9999 xx 000 0 und d
040 |a cru BVZT 
090 |a 862 D-11p 
100 |a Diego, Gerardo 
245 |a Primera Antología : de sus versos 
260 |a Buenos Aires, Argentina 
260 |b Espasa Calpe 
260 |c 1941 
300 |a 190 páginas 
650 |a LITERATURA ESPAÑOLA 
650 |a POESÍA 
999 |c 9794  |d 9794 
942 |c 15 D  |h 862 D-11p  |2 z